00799nam a2200241Ia 450000500170000000800410001702000150005804100080007308200160008110000310009724500780012825000220020630000410022849000320026965000380030165000410033965000210038026400330040133600270043433700330046133800280049404000350052220220316235542.0121119s2001 sp a gr 000 0 spa  a84729015720 aspa04a305.3bI96S1 aIzquierdo, María Jesús10aSin vuelta de hoja bsexismo, placer y trabajocMaría Jesús Izquierdo aPrimera edición a118 páginasbilustracionesc22 cm0 aLa biblioteca del ciudadano14aMujeresxAspectos sociales 2LEMB14aMujeresxCondiciones sociales 2LEMB14aSexualidad2LEMB aBarcelona bBellaterrac2001 atextobtxt2rdacontent asin mediaciónbn2rdamedia avolumenbnc2rdacarrier aCO-BoRNBPbspaerdacCO-BoRNBP